[Event "C.to Provinciale TP"]
[Site "Erice ITA"]
[Date "2010.01.11"]
[Round "2"]
[White "Sardo, Riccardo"]
[Black "Gullo, Antonino"]
[Result "0-1"]
[WhiteElo "1377"]
[BlackElo "1443"]
[PlyCount "88"]
[EventDate "2010.01.10"]

1. e4 e5 2. Nf3 Nc6 3. Nc3 Bc5 4. Bc4 Nf6 5. a3 Nxe4 6. Nxe4 d5 7. Nxc5 dxc4 8.
O-O O-O 9. b4 Re8 10. Bb2 b6 11. b5 e4 12. bxc6 bxc5 13. Ne1 Ba6 14. f3 c3 15.
Bxc3 Bxf1 16. Kxf1 Qd5 17. f4 Qxc6 18. Qg4 g6 19. f5 Rab8 20. d3 Rbd8 21. Rd1
c4 22. g3 cxd3 23. Qh4 Qxc3 24. f6 Re6 25. Kg2 Rdd6 26. Rb1 Rb6 27. Qh6 Rxf6
28. Rc1 d2 29. Rd1 Rbd6 30. Rb1 Rb6 31. Rd1 Rfd6 32. Kf1 dxe1=Q+ 33. Rxe1 Qf3+
34. Kg1 Rd1 35. Rxd1 Qxd1+ 36. Kg2 Qh5 37. Qf4 Re6 38. Qxc7 e3 39. Qc8+ Kg7 40.
Qc3+ Qe5 41. Qxe5+ Rxe5 42. Kf1 e2+ 43. Ke1 Kf6 44. c4 Ke6 0-1

[Event "C.to Provinciale TP"]
[Site "Erice ITA"]
[Date "2010.01.10"]
[Round "2"]
[White "Savalla, Gianluca"]
[Black "Guirreri, Filippo"]
[Result "0-1"]
[WhiteElo "1410"]
[BlackElo "1418"]
[PlyCount "60"]
[EventDate "2010.01.10"]

1. e4 e5 2. Nf3 Nc6 3. Bc4 h6 4. O-O Nf6 5. d3 Bc5 6. Nc3 Ng4 7. Qe2 Bxf2+ 8.
Rxf2 Nxf2 9. Qxf2 d6 10. Be3 Bg4 11. Bd5 O-O 12. Bxc6 bxc6 13. Bxa7 Bxf3 14.
gxf3 Qg5+ 15. Kh1 d5 16. Be3 Qf6 17. Bc5 Rfd8 18. Rg1 d4 19. Ne2 Rxa2 20. Ba3
Ra8 21. Qf1 Ra6 22. Qb1 Qxf3+ 23. Rg2 R2xa3 24. bxa3 Rxa3 25. Qb8+ Kh7 26. h4
Qh3+ 27. Rh2 Qf3+ 28. Rg2 Qh3+ 29. Kg1 Ra1+ 30. Kf2 Qe3# 0-1

[Event "C.to Provinciale TP"]
[Site "Erice ITA"]
[Date "2010.01.11"]
[Round "2"]
[White "Savalla, Pietro"]
[Black "Campo, Renato"]
[Result "0-1"]
[WhiteElo "1612"]
[BlackElo "2010"]
[PlyCount "76"]
[EventDate "2010.01.10"]

1. e4 g6 2. d4 Bg7 3. Nf3 c6 4. c4 d6 5. h3 Nd7 6. Nc3 e5 7. d5 Ngf6 8. dxc6
Nc5 9. Bd3 bxc6 10. Be3 Ne6 11. O-O O-O 12. c5 Nh5 13. cxd6 Qxd6 14. Ne2 Nhf4
15. Bxf4 exf4 16. Qc2 Rb8 17. Rab1 c5 18. Rfd1 Ba6 19. e5 Qb6 20. b3 Rfd8 21.
Nc3 Nd4 22. Na4 Nxf3+ 23. gxf3 Bxd3 24. Rxd3 Qe6 25. Rxd8+ Rxd8 26. Kg2 Qxe5
27. Qxc5 Qxc5 28. Nxc5 Rd2 29. a4 f5 30. Ne6 Bf6 31. Nxf4 Bd4 32. Rf1 Kf7 33.
b4 Be5 34. Nxg6 hxg6 35. h4 Bd4 36. Kg3 Rb2 37. b5 Ra2 38. Rd1 Bxf2+ 0-1

[Event "C.to Provinciale TP"]
[Site "Erice ITA"]
[Date "2010.01.24"]
[Round "3"]
[White "Bertino, Giacomo"]
[Black "Lo Piccolo, Antonino"]
[Result "0-1"]
[WhiteElo "2002"]
[BlackElo "1873"]
[PlyCount "92"]
[EventDate "2010.01.10"]

1. d4 Nf6 2. c4 g6 3. Nc3 Bg7 4. e4 d6 5. Nf3 O-O 6. h3 c5 7. d5 e6 8. Bd3 Re8
9. dxe6 Bxe6 10. O-O Nc6 11. Bf4 Nh5 12. Bh2 Ne5 13. Nd5 Bxd5 14. cxd5 Nxd3 15.
Qxd3 Qf6 16. Rfe1 Nf4 17. Bxf4 Qxf4 18. g3 Qf6 19. Rab1 Rac8 20. Kg2 a6 21. a4
Qe7 22. Qc4 Qd7 23. Nd2 b5 24. axb5 axb5 25. Qc2 c4 26. Re3 Bh6 27. f4 Qc7 28.
Rbe1 Qc5 29. Rf3 f5 30. Rd1 Bg7 31. Kf1 c3 32. bxc3 fxe4 33. Rf2 Qxc3 34. Qxc3
Rxc3 35. Re2 Rd3 36. Rb1 e3 37. Nb3 Rxd5 38. Kg2 Bc3 39. Kf3 Rd3 40. Nc1 Rd1
41. Na2 Rxb1 42. Nxc3 Rf1+ 43. Kg4 Rf2 44. Re1 e2 45. Kg5 b4 46. Nd5 Rf1 0-1

[Event "C.to Provinciale TP"]
[Site "Erice ITA"]
[Date "2010.01.17"]
[Round "3"]
[White "Bucca, Angelo"]
[Black "Gigante, Giovanni"]
[Result "0-1"]
[WhiteElo "1401"]
[BlackElo "1895"]
[PlyCount "108"]
[EventDate "2010.01.10"]

1. e4 d5 2. exd5 Qxd5 3. Qf3 Qd6 4. Bc4 Nf6 5. Qb3 e6 6. Nf3 b6 7. d3 Bb7 8. d4
Be7 9. O-O O-O 10. Bg5 Nc6 11. Bxf6 Bxf6 12. Qd3 Nb4 13. Qc3 Bxf3 14. gxf3 Bxd4
15. Qb3 Nc6 16. Qd3 Ne5 17. Qb3 Nxc4 18. Qxc4 Bxb2 19. Nc3 Qe5 20. Rae1 Qxc3
21. Qxc3 Bxc3 22. Re3 Bd2 23. Rd3 Bf4 24. Rd4 Be5 25. Re4 Bf6 26. Rc4 c5 27.
Re4 Rfd8 28. Ree1 Rd2 29. Rd1 Rad8 30. Rxd2 Rxd2 31. Re1 Rxc2 32. Rd1 Bd4 33.
Rf1 Rxa2 34. Kg2 g5 35. Kg1 h5 36. Kg2 f5 37. Kg3 f4+ 38. Kg2 Kf7 39. Kg1 Kf6
40. h3 Kf5 41. Kg2 g4 42. hxg4+ hxg4 43. fxg4+ Kxg4 44. Kg1 Kf3 45. Kh1 Rxf2
46. Rxf2+ Kxf2 47. Kh2 f3 48. Kh3 Be5 49. Kg4 Ke3 50. Kg5 f2 51. Kg6 f1=Q 52.
Kh5 Qg2 53. Kh4 Bf6+ 54. Kh5 Qg5# 0-1

[Event "C.to Provinciale TP"]
[Site "Erice ITA"]
[Date "2010.01.24"]
[Round "3"]
[White "Campo, Renato"]
[Black "Melograni, Francesco"]
[Result "0-1"]
[WhiteElo "2010"]
[BlackElo "1832"]
[PlyCount "60"]
[EventDate "2010.01.10"]

1. e4 e5 2. Nc3 Bc5 3. Bc4 c6 4. Nf3 d6 5. O-O Be6 6. Bxe6 fxe6 7. d4 exd4 8.
Nxd4 Qe7 9. Na4 Bxd4 10. Qxd4 c5 11. Qd3 Nc6 12. f4 O-O-O 13. Bd2 Nf6 14. b4
cxb4 15. c3 d5 16. e5 Ne4 17. Be3 Nxc3 18. Bc5 Qc7 19. Nxc3 bxc3 20. Qxc3 Qa5
21. Qc2 Kb8 22. Rab1 Rc8 23. Bd6+ Ka8 24. Qb2 Qa6 25. f5 exf5 26. Rxf5 b6 27.
Rf7 Rhg8 28. Qb3 Qc4 29. Qb2 d4 30. Rc1 Qxf7 0-1

[Event "C.to Provinciale TP"]
[Site "Erice ITA"]
[Date "2010.01.18"]
[Round "3"]
[White "Cerami, Giuseppe"]
[Black "Krumbiegel, Michael"]
[Result "0-1"]
[WhiteElo "1589"]
[BlackElo "1422"]
[PlyCount "58"]
[EventDate "2010.01.10"]

1. b4 e5 2. Bb2 Nc6 3. b5 Nd4 4. e3 Ne6 5. Bxe5 b6 6. c4 a6 7. a4 axb5 8. axb5
Bb7 9. Nf3 h6 10. Be2 Bb4 11. O-O f6 12. Bc3 Ba5 13. Qc2 Ne7 14. Nh4 O-O 15. d4
Ng5 16. Nd2 Qe8 17. d5 d6 18. f4 Nxd5 19. Bxa5 Nxe3 20. Qd3 Nxf1 21. Bxf1 Ne6
22. Bc3 Rxa1 23. Bxa1 Nxf4 24. Qb3 Qe1 25. Nf5 Bxg2 26. Nxh6+ Kh8 27. c5 gxh6
28. cxb6 Qxa1 29. bxc7 Qd4+ 0-1

[Event "C.to Provinciale TP"]
[Site "Erice ITA"]
[Date "2010.01.24"]
[Round "3"]
[White "Cleal, John"]
[Black "Meo, Antonino"]
[Result "1-0"]
[WhiteElo "1952"]
[BlackElo "1515"]
[PlyCount "35"]
[EventDate "2010.01.10"]

1. e4 e5 2. Nf3 Nc6 3. Nc3 Nf6 4. d4 exd4 5. Nd5 Be7 6. Bf4 d6 7. Nxd4 O-O 8.
Nxc6 bxc6 9. Nc3 Re8 10. Bd3 c5 11. O-O Bb7 12. Re1 d5 13. e5 Nd7 14. Qf3 Bg5
15. Bxh7+ Kxh7 16. Qh5+ Kg8 17. Bxg5 Qc8 18. f4 1-0

[Event "C.to Provinciale TP"]
[Site "Erice ITA"]
[Date "2010.01.24"]
[Round "3"]
[White "Guirreri, Filippo"]
[Black "Cassia, Giuseppe"]
[Result "0-1"]
[WhiteElo "1418"]
[BlackElo "1577"]
[PlyCount "56"]
[EventDate "2010.01.10"]

1. e4 c5 2. c4 Nc6 3. Nc3 g6 4. b3 Bg7 5. Bb2 e6 6. Rb1 Nge7 7. Nge2 O-O 8. g3
d5 9. exd5 exd5 10. cxd5 Nxd5 11. Bg2 Ndb4 12. O-O Bf5 13. Rc1 Nd3 14. Ba3 Qa5
15. Na4 Nxc1 16. Nxc1 Bd4 17. Re1 Rfe8 18. Ne2 Bg4 19. Kf1 Rad8 20. Qc1 Qb5 21.
Qc4 Qxc4 22. bxc4 Ne5 23. Bxb7 Nd3 24. Bc6 Nxe1 25. Nxd4 cxd4 26. Bxe8 Rxe8 27.
f3 Bh3+ 28. Kf2 Nd3+ 0-1

[Event "C.to Provinciale TP"]
[Site "Erice ITA"]
[Date "2010.01.24"]
[Round "3"]
[White "Gullo, Antonino"]
[Black "Savalla, Pietro"]
[Result "0-1"]
[WhiteElo "1443"]
[BlackElo "1612"]
[PlyCount "120"]
[EventDate "2010.01.10"]

1. e4 e5 2. Nf3 Nf6 3. Nxe5 d6 4. Nf3 Nxe4 5. Qe2 Qe7 6. d3 Nf6 7. Qxe7+ Bxe7
8. Be2 O-O 9. O-O Nc6 10. Nc3 Nb4 11. Nb5 c6 12. c3 Nbd5 13. Nbd4 Re8 14. Re1
h6 15. h3 Nc7 16. Nc2 Bf5 17. Bf4 Ncd5 18. Nfd4 Bxd3 19. Bxd6 Bxd6 20. Bxd3 Nf4
21. Nf5 Nxd3 22. Nxd6 Nxe1 23. Nxe1 Re7 24. Nf3 Rd8 25. Nf5 Red7 26. Re1 Rd1
27. N5d4 Rxe1+ 28. Nxe1 c5 29. Ndf3 Rd1 30. Kf1 Rb1 31. b3 Ra1 32. a4 Ne4 33.
c4 Rb1 34. g4 Rxb3 35. h4 Rc3 36. Ne5 Nd2+ 37. Kg1 Nxc4 38. N1d3 Nxe5 39. Nxe5
Rc1+ 40. Kg2 c4 41. Kf3 c3 42. Ke2 Rc2+ 43. Kd3 Rxf2 44. Kxc3 Rf4 45. Kd3 Rxa4
46. Kc3 f6 47. Nc4 Kf8 48. Kb3 Rxc4 49. Kxc4 Ke7 50. Kd5 Kd7 51. h5 b6 52. Ke4
Ke6 53. Kd4 a5 54. Kc4 Ke5 55. Kb5 Kf4 56. Ka4 Kxg4 57. Kb5 Kxh5 58. Kxb6 a4
59. Kb5 a3 60. Kb4 a2 0-1

[Event "C.to Provinciale TP"]
[Site "Erice ITA"]
[Date "2010.01.24"]
[Round "3"]
[White "Lo Bosco, Salvatore"]
[Black "Castelli, Giovanni J."]
[Result "0-1"]
[WhiteElo "1639"]
[BlackElo "1782"]
[PlyCount "104"]
[EventDate "2010.01.10"]

1. e4 Nf6 2. e5 Nd5 3. d4 d6 4. c4 Nb6 5. exd6 cxd6 6. Nf3 g6 7. b3 Bg7 8. Bb2
O-O 9. Be2 Nc6 10. O-O Bg4 11. h3 Bf5 12. Bd3 Qd7 13. Bxf5 Qxf5 14. Qd2 d5 15.
c5 Nd7 16. Re1 Rfe8 17. Na3 a6 18. Rab1 Rad8 19. Nc2 Nf6 20. Ne3 Qh5 21. Qe2
Ne4 22. Nxd5 Ng3 23. fxg3 Qxd5 24. Rbd1 e6 25. Qe4 h6 26. Qxd5 Rxd5 27. a3 Red8
28. b4 Nxd4 29. Nxd4 Bxd4+ 30. Bxd4 Rxd4 31. Rxd4 Rxd4 32. Re3 Rd2 33. Kh2 Kf8
34. g4 Ke7 35. Kg3 f6 36. Kf3 e5 37. Re2 Rd3+ 38. Re3 Rd2 39. Re2 Rd3+ 40. Re3
Rd2 41. Re2 Rxe2 42. Kxe2 Ke6 43. Ke3 Kd5 44. Kd3 f5 45. gxf5 gxf5 46. g3 e4+
47. Ke3 Kc4 48. a4 h5 49. h4 Kd5 50. Ke2 Kc4 51. b5 Kxc5 52. bxa6 bxa6 0-1

[Event "C.to Provinciale TP"]
[Site "Erice ITA"]
[Date "2010.01.18"]
[Round "3"]
[White "Messina, Damiano"]
[Black "Messina, Rosario"]
[Result "1-0"]
[WhiteElo "2003"]
[BlackElo "1577"]
[PlyCount "148"]
[EventDate "2010.01.10"]

1. e4 e5 2. Nf3 Nc6 3. Bb5 d6 4. h3 Nf6 5. d3 a6 6. Bc4 b5 7. Bb3 Na5 8. Nc3 h6
9. Be3 Nxb3 10. axb3 Bb7 11. Ne2 Be7 12. Ng3 O-O 13. Qd2 Bc8 14. O-O Nh7 15. d4
exd4 16. Nxd4 Bd7 17. Ndf5 Bxf5 18. Nxf5 Bf6 19. c3 Bg5 20. Ra5 Bxe3 21. Nxe3
Nf6 22. f3 Re8 23. Rfa1 Qc8 24. Nc2 Nd7 25. Nd4 Qb7 26. Kh2 Ne5 27. Nf5 Nc6 28.
R5a2 Ne7 29. Ne3 Red8 30. c4 c6 31. Rd1 Qc7 32. Kh1 Qd7 33. cxb5 cxb5 34. Nd5
Nxd5 35. Qxd5 Qc7 36. Raa1 Ra7 37. e5 Qb7 38. Qxb7 Rxb7 39. Rxa6 d5 40. Rd4 Kf8
41. Rc6 Ke7 42. Kh2 g6 43. Kg3 Rdd7 44. b4 Rd8 45. f4 Kd7 46. Rd6+ Ke7 47. Rxd8
Kxd8 48. Rxd5+ Ke7 49. Kf3 Rc7 50. Rxb5 Rc2 51. Rb7+ Ke6 52. Rb6+ Ke7 53. b5
Rxb2 54. Rb8 Rb3+ 55. Kg4 h5+ 56. Kh4 Ke6 57. Rb6+ Ke7 58. g4 hxg4 59. hxg4 Rb4
60. Kg5 Kf8 61. Rb7 Ke8 62. f5 Re4 63. e6 fxe6 64. f6 e5 65. Rb8+ Kf7 66. Rb7+
Kf8 67. Re7 Kg8 68. b6 Rb4 69. Rxe5 Rxb6 70. Kxg6 Rb7 71. g5 Kf8 72. Ra5 Rb8
73. Ra7 Kg8 74. Kh6 Rb1 1-0

[Event "C.to Provinciale TP"]
[Site "Erice ITA"]
[Date "2010.01.24"]
[Round "3"]
[White "Monaco, Alessandro"]
[Black "Guarino, Giuseppe"]
[Result "1-0"]
[WhiteElo "1805"]
[BlackElo "1497"]
[PlyCount "51"]
[EventDate "2010.01.10"]

1. e4 c5 2. Nc3 Nc6 3. g3 Nf6 4. Bg2 e6 5. f4 d6 6. Nf3 Be7 7. O-O O-O 8. d3 a6
9. h3 Rb8 10. Ne2 Qc7 11. c3 b5 12. e5 dxe5 13. fxe5 Nd7 14. Bf4 Bb7 15. Rc1
Qb6 16. Kh2 a5 17. d4 cxd4 18. cxd4 Nb4 19. a3 Nd5 20. Qd3 b4 21. Bg5 Ba6 22.
Qe4 Bxe2 23. Qxe2 Bxg5 24. Nxg5 Qxd4 25. Qh5 g6 26. Qxh7# 1-0

[Event "C.to Provinciale TP"]
[Site "Erice ITA"]
[Date "2010.01.24"]
[Round "3"]
[White "Pantano, Giuseppe"]
[Black "Savalla, Gianluca"]
[Result "1-0"]
[WhiteElo "1563"]
[BlackElo "1410"]
[PlyCount "73"]
[EventDate "2010.01.10"]

1. d4 d5 2. c4 Nf6 3. cxd5 Nxd5 4. e4 Nf6 5. Nc3 Nc6 6. Bb5 Bd7 7. Bxc6 Bxc6 8.
f3 e6 9. Bg5 Be7 10. Nge2 Nd7 11. Bxe7 Qxe7 12. d5 exd5 13. exd5 Bb5 14. Nxb5
Qb4+ 15. Nbc3 Qh4+ 16. Ng3 Qe7+ 17. Qe2 Qxe2+ 18. Kxe2 O-O 19. Rhe1 Rfe8+ 20.
Kf1 Rxe1+ 21. Rxe1 Nc5 22. Nge4 Nd3 23. Re2 Nc1 24. Rd2 b5 25. Rc2 Nd3 26. Nxb5
Rb8 27. Nxc7 Nxb2 28. d6 Kf8 29. Nc5 Nd1 30. Nd7+ Kg8 31. Nxb8 Ne3+ 32. Kg1
Nxc2 33. d7 g6 34. d8=Q+ Kg7 35. Ne8+ Kg8 36. Nd7 h5 37. Qf6 1-0

[Event "C.to Provinciale TP"]
[Site "Erice ITA"]
[Date "2010.01.24"]
[Round "3"]
[White "Piazza, Dario"]
[Black "Pandolfo, Sergio"]
[Result "1-0"]
[WhiteElo "1569"]
[BlackElo "1640"]
[PlyCount "113"]
[EventDate "2010.01.10"]

1. e4 c5 2. Nc3 d6 3. f4 g6 4. Nf3 Bg7 5. Bc4 e6 6. O-O Nc6 7. Ne2 Nge7 8. c3
d5 9. exd5 exd5 10. Bb5 a6 11. Bxc6+ Nxc6 12. d4 c4 13. Ne5 Qc7 14. Ng3 O-O 15.
Qf3 Nxe5 16. fxe5 Be6 17. Bg5 h6 18. Bf6 Rae8 19. Bxg7 Kxg7 20. Qf6+ Kh7 21.
Rf4 Qe7 22. Raf1 Qxf6 23. Rxf6 Kg7 24. Ne2 b5 25. Nf4 a5 26. Rf3 g5 27. Nh5+
Kh7 28. Ng3 Kg7 29. Nf5+ Bxf5 30. R3xf5 Re6 31. Kf2 b4 32. Ke3 bxc3 33. bxc3
Rxf6 34. exf6+ Kg6 35. Rxd5 Kxf6 36. Rxa5 Re8+ 37. Kf2 Rb8 38. Re5 Rb2+ 39. Re2
Rb5 40. g4 Kg6 41. Ke3 f5 42. gxf5+ Kxf5 43. Rf2+ Kg4 44. Ke4 h5 45. d5 Rb1 46.
Rd2 Rf1 47. d6 Rf4+ 48. Kd5 h4 49. d7 Rf8 50. Kxc4 Rd8 51. Rd3 h3 52. Kc5 Kf4
53. Kc6 g4 54. Kc7 Rxd7+ 55. Kxd7 Ke4 56. Rg3 Kf4 57. c4 1-0

[Event "C.to Provinciale TP"]
[Site "Erice ITA"]
[Date "2010.01.24"]
[Round "3"]
[White "Piazza, Francesco"]
[Black "Romeo, Ettore"]
[Result "1-0"]
[WhiteElo "1359"]
[BlackElo "1335"]
[PlyCount "143"]
[EventDate "2010.01.10"]

1. e4 e5 2. Nf3 Nc6 3. Bb5 a6 4. Ba4 Nf6 5. d3 d6 6. Bg5 Be7 7. Nc3 Bg4 8.
Bxc6+ bxc6 9. d4 c5 10. dxc5 dxc5 11. Bxf6 Bxf6 12. Nd5 c6 13. Ne3 Qxd1+ 14.
Rxd1 Bxf3 15. gxf3 Rd8 16. Rxd8+ Bxd8 17. O-O O-O 18. Nc4 Bc7 19. Rd1 f5 20.
Rd7 Rf7 21. Rd1 fxe4 22. fxe4 Rf4 23. Nd2 Ba5 24. Nc4 Bc7 25. Re1 Bd8 26. Nxe5
Bh4 27. Nd3 Rf8 28. b3 a5 29. e5 Rd8 30. e6 Be7 31. Re5 Rd5 32. Kf1 Bf6 33. e7
Rxe5 34. Nxe5 Bxe7 35. Nxc6 Bd6 36. Nxa5 Bxh2 37. Nc6 h5 38. a4 Bc7 39. Kg2 Kf7
40. a5 Bxa5 41. Nxa5 Ke6 42. c3 Kd5 43. b4 cxb4 44. cxb4 Kd6 45. Kh3 Kd5 46.
Kh4 g6 47. b5 Kc5 48. Nc6 Kxb5 49. Ne7 Kc5 50. Nxg6 Kd6 51. Kxh5 Kd5 52. f4 Ke6
53. Kg5 Kf7 54. Ne5+ Kf8 55. Kg6 Ke7 56. f5 Kf8 57. Kf6 Ke8 58. Kg7 Ke7 59. f6+
Ke6 60. f7 Kd5 61. f8=R Kd6 62. Re8 Kd5 63. Ng4 Kd6 64. Nh2 Kd7 65. Re1 Kd6 66.
Kf7 Kd5 67. Kf6 Kd4 68. Kf5 Kc4 69. Rd1 Kc5 70. Ke5 Kc4 71. Ke4 Kc3 72. Ke3 {
...} 1-0

[Event "C.to Provinciale TP"]
[Site "Erice ITA"]
[Date "2010.01.24"]
[Round "3"]
[White "Romeo, Giacomo"]
[Black "Sardo, Riccardo"]
[Result "0-1"]
[WhiteElo "1488"]
[BlackElo "1377"]
[PlyCount "76"]
[EventDate "2010.01.10"]

1. e4 e5 2. Nf3 Nc6 3. Nc3 Nf6 4. Bc4 d6 5. O-O a6 6. Ng5 Be6 7. Bxe6 fxe6 8.
Nxe6 Qd7 9. Nxf8 Rxf8 10. d3 O-O-O 11. Bg5 Nd4 12. Nd5 Kb8 13. c3 Ne6 14. Be3
c6 15. Nb6 Qf7 16. Qb3 Nd7 17. Nxd7+ Rxd7 18. Qb6 c5 19. b4 Rc8 20. d4 Rc6 21.
Qa5 cxd4 22. cxd4 exd4 23. Bd2 Rc2 24. b5 Rc5 25. Rab1 Nc7 26. a4 Qa2 27. Bb4
Rg5 28. Qb6 Qe6 29. g3 Rh5 30. Rbc1 Qh3 31. Rfd1 Qxh2+ 32. Kf1 Qh1+ 33. Ke2
Qxe4+ 34. Kd2 Rh2 35. Rf1 Rf7 36. Rce1 Rhxf2+ 37. Rxf2 Rxf2+ 38. Kc1 Qc2# 0-1

[Event "C.to Provinciale TP"]
[Site "Erice ITA"]
[Date "2010.01.24"]
[Round "3"]
[White "Speciale, Francesco"]
[Black "Savalla, Salvatore"]
[Result "0-1"]
[WhiteElo "1911"]
[BlackElo "1706"]
[PlyCount "80"]
[EventDate "2010.01.10"]

1. d4 Nf6 2. Nf3 e6 3. e3 d5 4. Bd3 b6 5. Nbd2 c5 6. b3 Ba6 7. Bxa6 Nxa6 8. Bb2
Nb8 9. O-O Be7 10. Ne5 Nbd7 11. f4 Nxe5 12. fxe5 Nd7 13. Qg4 O-O 14. Rf3 Qe8
15. e4 cxd4 16. Bxd4 Bc5 17. Bxc5 Nxe5 18. Qg3 Nxf3+ 19. gxf3 bxc5 20. Re1 Qd8
21. h4 Qf6 22. exd5 Qd4+ 23. Qf2 Qxf2+ 24. Kxf2 Rfd8 25. Ne4 Rxd5 26. Rg1 Kf8
27. c4 Rf5 28. Rd1 Ke7 29. Rd6 Rf4 30. Rc6 Rxh4 31. Rc7+ Kf8 32. a4 Rh2+ 33.
Kg3 Rb2 34. Nxc5 Rd2 35. b4 Rdd8 36. b5 Rdc8 37. Rxc8+ Rxc8 38. Nd7+ Ke7 39.
Ne5 Kf6 40. Nc6 Rxc6 0-1

[Event "C.to Provinciale TP"]
[Site "Erice ITA"]
[Date "2010.01.24"]
[Round "4"]
[White "Cassia, Giuseppe"]
[Black "Krumbiegel, Michael"]
[Result "1-0"]
[WhiteElo "1577"]
[BlackElo "1422"]
[PlyCount "91"]
[EventDate "2010.01.10"]

1. c4 e5 2. Nc3 Bc5 3. g3 a6 4. Bg2 c6 5. e3 Qe7 6. Nge2 Nf6 7. O-O O-O 8. d4
exd4 9. exd4 Bb4 10. a3 Bxc3 11. Nxc3 Re8 12. Bg5 h6 13. Bxf6 Qxf6 14. Qd3 d6
15. Rfe1 Rd8 16. Re3 Bg4 17. Rae1 Nd7 18. h3 Bf5 19. Ne4 Bxe4 20. Rxe4 g6 21.
Rf4 Qg7 22. Re7 Ne5 23. Qb3 g5 24. Re4 Ng6 25. Rxb7 d5 26. cxd5 cxd5 27. Re3
Qxd4 28. Rd3 Qc4 29. Bxd5 Qc1+ 30. Kg2 Rxd5 31. Qxd5 Rf8 32. Rf3 Nh8 33. Rd7
Qxb2 34. Rd8 Qg7 35. Qd6 Ng6 36. Rxf8+ Nxf8 37. Qxa6 h5 38. Qc4 Nd7 39. Qc8+
Nf8 40. a4 Qg6 41. a5 Kg7 42. a6 Qe4 43. Qf5 Qe7 44. Qxf7+ Qxf7 45. Rxf7+ Kxf7
46. a7 1-0

[Event "C.to Provinciale TP"]
[Site "Erice ITA"]
[Date "2010.01.24"]
[Round "4"]
[White "Castelli, Giovanni J."]
[Black "Campo, Renato"]
[Result "0-1"]
[WhiteElo "1782"]
[BlackElo "2010"]
[PlyCount "88"]
[EventDate "2010.01.10"]

1. e4 c5 2. Nf3 g6 3. d4 cxd4 4. Nxd4 Nc6 5. Nc3 Nf6 6. Be3 Bg7 7. Bc4 O-O 8.
Bb3 Ng4 9. Qxg4 Nxd4 10. Qd1 Nxb3 11. axb3 d6 12. O-O b6 13. Bd4 e5 14. Be3 Bb7
15. Qd2 f5 16. Bg5 Qd7 17. Rfd1 f4 18. f3 h6 19. Bh4 g5 20. Bf2 Rf6 21. Qd3 Bf8
22. Rd2 g4 23. Kh1 Rg6 24. fxg4 Qxg4 25. Qf3 Qg5 26. Nb5 d5 27. exd5 Qf5 28.
Nc3 Bb4 29. Re1 Re8 30. Qe4 Qg5 31. Bh4 Qg4 32. Qxb4 Qxh4 33. Qe4 Rg4 34. Rdd1
Rg5 35. Nb5 Re7 36. Nxa7 Rh5 37. h3 Rg7 38. Rd3 Ba6 39. c4 Rxa7 40. Ra1 Rg5 41.
d6 Bb7 42. Qxb7 Rxa1+ 43. Kh2 Qg3+ 44. Rxg3 fxg3# 0-1

[Event "C.to Provinciale TP"]
[Site "Erice ITA"]
[Date "2010.01.24"]
[Round "4"]
[White "Cleal, John"]
[Black "Lo Bosco, Salvatore"]
[Result "1/2-1/2"]
[WhiteElo "1952"]
[BlackElo "1639"]
[PlyCount "34"]
[EventDate "2010.01.10"]

1. e4 c5 2. Nc3 e6 3. f4 d5 4. Bb5+ Nc6 5. Bxc6+ bxc6 6. d3 Ne7 7. Nf3 Ng6 8.
O-O Be7 9. Bd2 Qc7 10. Qe1 O-O 11. Qg3 Bd6 12. e5 Be7 13. h4 Qd8 14. h5 Nh4 15.
Nxh4 Bxh4 16. Qg4 f5 17. Qh3 Bd7 1/2-1/2

[Event "C.to Provinciale TP"]
[Site "Erice ITA"]
[Date "2010.01.17"]
[Round "4"]
[White "Gigante, Giovanni"]
[Black "Pantano, Giuseppe"]
[Result "0-1"]
[WhiteElo "1895"]
[BlackElo "1563"]
[PlyCount "74"]
[EventDate "2010.01.10"]

1. d4 d5 2. Nf3 Bf5 3. e3 e6 4. Bb5+ c6 5. Be2 Nf6 6. O-O Bd6 7. b3 Nbd7 8. Bb2
O-O 9. h3 Rc8 10. Nbd2 c5 11. c4 cxd4 12. exd4 Bb4 13. Nh4 Bg6 14. Nxg6 hxg6
15. Nf3 Ne4 16. Bd3 Ndf6 17. a3 Bd6 18. c5 Bb8 19. Rc1 b6 20. c6 Qd6 21. Ne5
Ne8 22. f4 Kh7 23. Qg4 N8f6 24. Qh4+ Kg8 25. b4 Nd2 26. Rfe1 Nde4 27. Re2 Qd8
28. Nd7 Nxd7 29. Qxd8 Rfxd8 30. cxd7 Rxc1+ 31. Bxc1 Rxd7 32. Rc2 Rc7 33. Kf1
Rxc2 34. Bxc2 Kf8 35. g4 Ke7 36. Ke2 Kd6 37. Ba4 Nc3+ 0-1

[Event "C.to Provinciale TP"]
[Site "Erice ITA"]
[Date "2010.01.17"]
[Round "4"]
[White "Guarino, Giuseppe"]
[Black "Oddo, Salvatore"]
[Result "0-1"]
[WhiteElo "1497"]
[BlackElo "1547"]
[PlyCount "74"]
[EventDate "2010.01.10"]

1. e4 d6 2. d4 Nd7 3. Nf3 e5 4. dxe5 Nxe5 5. Nxe5 dxe5 6. Qxd8+ Kxd8 7. Bc4 Ke7
8. O-O Be6 9. Bb3 Rd8 10. Be3 b6 11. Nc3 a6 12. f4 exf4 13. Bxf4 Rd7 14. e5 Kd8
15. Bxe6 fxe6 16. Rad1 Bc5+ 17. Kh1 Rxd1 18. Rxd1+ Ke8 19. Ne4 Be7 20. Ng5 Bxg5
21. Bxg5 Ne7 22. c4 Rf8 23. Bxe7 Kxe7 24. Kg1 Rf5 25. Re1 Kd7 26. Re4 h5 27. g4
Rg5 28. h3 Kc6 29. h4 Rxg4+ 30. Rxg4 hxg4 31. Kg2 Kc5 32. Kg3 Kd4 33. Kxg4 Kxe5
34. Kg5 Kd4 35. Kf4 e5+ 36. Kf3 e4+ 37. Ke2 Kxc4 0-1

[Event "C.to Provinciale TP"]
[Site "Erice ITA"]
[Date "2010.01.24"]
[Round "4"]
[White "Lo Piccolo, Antonino"]
[Black "Melograni, Francesco"]
[Result "0-1"]
[WhiteElo "1873"]
[BlackElo "1832"]
[PlyCount "98"]
[EventDate "2010.01.10"]

1. e4 e5 2. Nf3 Nc6 3. Bb5 a6 4. Ba4 Nf6 5. O-O b5 6. Bb3 Be7 7. Re1 d6 8. c3
Bg4 9. d3 O-O 10. Nbd2 Na5 11. Bc2 c5 12. Nf1 Nc6 13. h3 Bxf3 14. Qxf3 Ne8 15.
Ne3 g6 16. Nd5 Bg5 17. Bxg5 Qxg5 18. Qe3 Qh4 19. Qg3 Qxg3 20. fxg3 f5 21. Rf1
fxe4 22. Rxf8+ Kxf8 23. Rf1+ Kg7 24. dxe4 Ra7 25. Bd1 Rf7 26. Bg4 Rxf1+ 27.
Kxf1 Nf6 28. Nxf6 Kxf6 29. Bc8 a5 30. Bd7 Na7 31. a4 bxa4 32. Bxa4 Nc8 33. Ke2
Nb6 34. Bc6 Ke6 35. c4 Ke7 36. b3 Kd8 37. Kf3 Kc7 38. Bb5 Nd7 39. Bxd7 Kxd7 40.
Kg4 h6 41. h4 Ke6 42. Kf3 Kd7 43. Kg4 Ke6 44. Kh3 Kd7 45. h5 gxh5 46. Kh4 d5
47. exd5 e4 48. g4 e3 49. Kg3 hxg4 0-1

[Event "C.to Provinciale TP"]
[Site "Erice ITA"]
[Date "2010.01.17"]
[Round "4"]
[White "Meo, Antonino"]
[Black "Guirreri, Filippo"]
[Result "1-0"]
[WhiteElo "1515"]
[BlackElo "1418"]
[PlyCount "94"]
[EventDate "2010.01.10"]

1. e4 e5 2. Bc4 Nf6 3. d4 exd4 4. Nf3 Bc5 5. Bg5 h6 6. Bh4 d6 7. Nxd4 O-O 8.
O-O Bg4 9. f3 Bd7 10. Kh1 Nc6 11. Nxc6 Bxc6 12. Nc3 a6 13. a3 b5 14. Bd5 Bxd5
15. Nxd5 g5 16. Bg3 c6 17. Nxf6+ Qxf6 18. f4 Qxb2 19. fxg5 hxg5 20. Rf5 Qg7 21.
Rb1 Rfd8 22. Qg4 f6 23. Rbf1 Rf8 24. Qf3 Rf7 25. Qb3 Kh7 26. e5 dxe5 27. Bxe5
Raf8 28. Qd3 Kg8 29. Bc3 Bxa3 30. R1f3 Rd7 31. Qe2 Be7 32. Rxg5 Qxg5 33. Rg3
Qxg3 34. hxg3 Rf7 35. Qg4+ Rg7 36. Qxd7 Bc5 37. Qe8+ Bf8 38. Bxf6 Rf7 39. Qxc6
a5 40. Bd4 b4 41. Qg6+ Bg7 42. Bxg7 Rxg7 43. Qf5 Ra7 44. Qc5 Rg7 45. Qxa5 Rg4
46. c3 bxc3 47. Qxc3 Rg7 1-0

[Event "C.to Provinciale TP"]
[Site "Erice ITA"]
[Date "2010.01.24"]
[Round "4"]
[White "Messina, Damiano"]
[Black "Cerami, Giuseppe"]
[Result "1-0"]
[WhiteElo "2003"]
[BlackElo "1589"]
[PlyCount "63"]
[EventDate "2010.01.10"]

1. e4 e6 2. d4 d5 3. Nd2 Nf6 4. e5 Nfd7 5. Bd3 c5 6. c3 Nc6 7. Ndf3 Qb6 8. Ne2
cxd4 9. cxd4 Be7 10. O-O Qd8 11. a3 b6 12. b4 Bb7 13. Be3 Rc8 14. Qd2 h6 15.
Ne1 g5 16. f4 gxf4 17. Nxf4 Bg5 18. Nc2 Rg8 19. Rf3 Ncxe5 20. dxe5 d4 21. Bf2
Nxe5 22. Rg3 Ng6 23. Bxg6 Rxg6 24. Nxd4 Qf6 25. Be3 Bxf4 26. Bxf4 Rd8 27. Rxg6
fxg6 28. Be3 Rd5 29. Qf2 Rf5 30. Qg3 Rd5 31. Rf1 Qg7 32. Nxe6 1-0

[Event "C.to Provinciale TP"]
[Site "Erice ITA"]
[Date "2010.01.24"]
[Round "4"]
[White "Messina, Rosario"]
[Black "Romeo, Giacomo"]
[Result "1-0"]
[WhiteElo "1577"]
[BlackElo "1488"]
[PlyCount "57"]
[EventDate "2010.01.10"]

1. e4 e5 2. Nf3 Nc6 3. Bc4 Bc5 4. Nc3 d6 5. h3 Nf6 6. d3 Be6 7. Bxe6 fxe6 8.
Na4 b5 9. Nxc5 dxc5 10. Be3 c4 11. dxc4 bxc4 12. Bg5 Qxd1+ 13. Rxd1 Nxe4 14.
O-O Nxg5 15. Nxg5 Ke7 16. Rfe1 Kf6 17. Nf3 Rab8 18. b3 Kf5 19. Rd7 Rb7 20. Rxg7
Kf6 21. Rg4 cxb3 22. cxb3 Rb5 23. Rc4 Rb6 24. Rc5 a6 25. Nxe5 Nxe5 26. Rcxe5
Rd8 27. R1e2 Rbd6 28. Kh2 a5 29. Rxa5 1-0